| 000 | 00859nam a2200265 a 4500 | ||
|---|---|---|---|
| 001 | BRCA_8117 | ||
| 005 | 20190320210135.0 | ||
| 008 | 090414s1952----mx-a###f##---#001-0#spa-# | ||
| 041 | _aspa | ||
| 044 | _amx | ||
| 050 | 4 |
_aF1386 _b.V54 3 _c1952 |
|
| 100 | 1 |
_aViera, Juan de _97751 |
|
| 245 | 1 | 0 |
_aCompendiosa narración de la Ciudad de México _cJuan de Viera ; prólogo y notas de Gonzalo Obregon. |
| 260 |
_aMéxico _bGuarania _c1952 |
||
| 300 |
_a123 p. _bil. _c25 cm. |
||
| 440 | 0 |
_aColección Nezahualcóyotl _v2 _920211 |
|
| 500 | _aY180 | ||
| 500 | _aEjemplar igual a AA73 y B181 | ||
| 500 | _aFacsímil de: Breve compendiossa naracion de la ciudad de México, 1777 | ||
| 651 | 4 |
_aMéxico (Ciudad) _xDescripción _96858 |
|
| 651 | 4 |
_aMéxico (Ciudad) _xHistoria _95378 |
|
| 700 | 1 |
_aObregon, Gonzalo _eprol. _9811 |
|
| 902 | _aGFM | ||
| 942 |
_2lcc _cB |
||
| 999 |
_c7785 _d7785 |
||